Plant anatomy

Guardado en:
Autor Principal: Crang, Richard.
Otros Autores: Vassilyev, Andrey.
Formato: Electrónico
Idioma:Undetermined
Publicado: McGraw-Hill, 2003.
Etiquetas: Agregar Etiqueta
Sin Etiquetas, Sea el primero en etiquetar este registro!
LEADER 00445nmm a22001455a 4500
001 EEA.libagro010372
005 20180604095546.0
008 150423s2003####xx#########m########und#d
020 |a 0072510846 
100 1 |a Crang, Richard. 
245 1 0 |a Plant anatomy  |h [recurso electrónico] /  |c by Crang and Vassilyev. 
260 |b McGraw-Hill,  |c 2003. 
300 |a 1 CD-ROM. 
700 1 |a Vassilyev, Andrey. 
859 |a AR-BbBCA  |b BIB. AGRONOMIA  |h 581.4  |i C891a5 cd  |p 2004/4547